Catálogo
 En Linea

Crónicas de la casa, los árboles y el río / (Registro nro. 5993)

Detalles MARC
000 -CABECERA
campo de control de longitud fija 00641cam a2200193 a 4500
001 - NÚMERO DE CONTROL
campo de control 000006198
005 - FECHA Y HORA DE LA ÚLTIMA TRANSACCIÓN
campo de control 20200929151954.0
008 - DATOS DE LONGITUD FIJA--INFORMACIÓN GENERAL
campo de control de longitud fija 740911s1973 ec 000 p spa
040 ## - FUENTE DE LA CATALOGACIÓN
Centro catalogador/agencia de origen DO-SdBNP
Lengua de catalogación spa
Centro/agencia transcriptor BNPHU
082 ## - NÚMERO DE LA CLASIFICACIÓN DECIMAL DEWEY
Número de clasificación E861.44
Número de documento/Ítem J371c
100 1# - ENTRADA PRINCIPAL--NOMBRE DE PERSONA
Nombre de persona Jaramillo, Carlos Eduardo.
9 (RLIN) 17353
245 10 - MENCIÓN DE TÍTULO
Título Crónicas de la casa, los árboles y el río /
Mención de responsabilidad, etc. Carlos Eduardo Jaramillo.
260 ## - PUBLICACIÓN, DISTRIBUCIÓN, ETC.
Lugar de publicación, distribución, etc. Quito :
Nombre del editor, distribuidor, etc. Casa de la Cultura Ecuatoriana,
Fecha de publicación, distribución, etc. 1973.
300 ## - DESCRIPCIÓN FÍSICA
Extensión 96 p. ;
Dimensiones 18cm.
490 1# - MENCIÓN DE SERIE
Mención de serie Poetas del Ecuador
Designación de volumen o secuencia no. 1
650 #4 - PUNTO DE ACCESO ADICIONAL DE MATERIA--TÉRMINO DE MATERIA
Término de materia o nombre geográfico como elemento de entrada Poesía ecuatoriana
9 (RLIN) 13387
650 #4 - PUNTO DE ACCESO ADICIONAL DE MATERIA--TÉRMINO DE MATERIA
Término de materia o nombre geográfico como elemento de entrada Literatura ecuatoriana
9 (RLIN) 3938
830 #0 - PUNTO DE ACCESO ADICIONAL DE SERIE-TÍTULO UNIFORME
Título uniforme Poetas del Ecuador ;
Designación de volumen o secuencia no. 1
9 (RLIN) 17354
Existencias
Estado de retiro Estado de pérdida Restricciones de uso No para préstamo Código de colección Localización permanente Ubicación/localización actual Ubicación en estantería Fecha de adquisición Número de inventario Total de préstamos Signatura topográfica completa Código de barras Fecha visto por última vez Precio válido a partir de Tipo de ítem Koha
    Préstamo interno   Monografías: Libros y Folletos General General En catalogación 26.08.2009 LF1   E861.44 J371c 6198-10 25.06.2020 25.06.2020 Préstamo interno

Con tecnología Koha